003200000a22001330004500060000800000082001200008100001900020245004000039250000600079260004900085260000900134300000800143650003500151 a100 a334 CAL aMukherjee, B B aLaw and principles of Co- Operation a5 aCalcutta, Thacker Spink & Co ( 1933) Pvt Lyd c1959 a696 aCo operation- law & principles